[Event "TUR-chT Superleague 2018"]
[Site "Ankara"]
[Date "2018.07.27"]
[Round "3"]
[White "Dastan, Muhammed Batuhan"]
[Black "Soysal, Serkan"]
[Result "1/2-1/2"]
[WhiteElo "2552"]
[BlackElo "2406"]
[Annotator "ChessBase"]
[PlyCount "223"]
[EventDate "2018.07.25"]
[EventType "team-tourn"]
[EventCountry "TUR"]
[SourceTitle "playchess.com"]
[Source "ChessBase"]
[SourceQuality "1"]
[TimeControl "40/5400+30:1800+30"]

1. d4 Nf6 2. Nf3 d5 3. Bf4 e6 4. e3 Bd6 5. Bg3 O-O 6. Nbd2 b6 7. Ne5 Bb7 8. Bh4 Be7 9. f4 Ne4 10. Bxe7 Qxe7 11. Nxe4 dxe4 12. Qd2 f6 13. Ng4 c5 14. dxc5 Rd8 15. Qc3 Qxc5 16. Qxc5 bxc5 17. Nf2 Nd7 18. O-O-O Nb6 19. c4 f5 20. Be2 Kf7 21. Rhg1 Rxd1+ 22. Kxd1 a5 23. Kd2 Ba6 24. Rc1 Rd8+ 25. Kc3 Na4+ 26. Kc2 Nb6 27. b3 Nc8 28. Nd1 g6 29. Nc3 Nb6 30. g4 h6 31. Rg1 Kf6 32. h4 Bb7 33. a3 Bc6 34. Rb1 fxg4 35. Bxg4 Rd3 36. Rd1 Rxd1 37. Nxd1 e5 38. fxe5+ Kxe5 39. Kc3 h5 40. Bh3 Bd7 41. Bg2 {[%emt 1:47:30]} Nc8 {[%emt 1:55:00]} 42. b4 {[%emt 0:00:30]} axb4+ {[%emt 0:00:30]} 43. axb4 {[%emt 0:00:30]} cxb4+ {[%emt 0:03:30]} 44. Kxb4 {[%emt 0:00:30]} Nd6 {[%emt 0:01:30]} 45. Nf2 {[%emt 0:00:30]} Be6 {[%emt 0:02:38]} 46. c5 {[%emt 0:01:30]} Nf5 {[%emt 0:00:47]} 47. Bxe4 {[%emt 0:01:30]} Nxe3 {[%emt 0:07:10]} 48. Bxg6 {[%emt 0:00:30]} Ng2 {[%emt 0:00:23]} 49. Bxh5 {[%emt 0:01:30]} Nxh4 {[%emt 0:00:04]} 50. Kb5 {[%emt 0:00:30]} Nf5 {[%emt 0:02:10]} 51. Nd3+ {[%emt 0:00:30]} Kd4 {[%emt 0:02:01]} 52. Nb4 {[%emt 0:00:30]} Bd7+ {[%emt 0:00:14]} 53. Kb6 {[%emt 0:00:30]} Kc4 {[%emt 0:01:52]} 54. Na6 {[%emt 0:00:30]} Ne7 {[%emt 0:03:02]} 55. Bf3 {[%emt 0:02:30]} Nd5+ {[%emt 0:01:29]} 56. Kb7 {[%emt 0:01:30]} Kd4 {[%emt 0:00:15]} 57. Be2 {[%emt 0:02:30]} Nb4 {[%emt 0:00:53]} 58. Kb6 {[%emt 0:00:30]} Nd5+ {[%emt 0:00:30]} 59. Ka5 {[%emt 0:00:30]} Nc7 {[%emt 0:00:28]} 60. Nb8 {[%emt 0:00:30]} Kxc5 {[%emt 0:01:35]} 61. Nxd7+ {[%emt 0:00:30]} Kd6 {[%emt 0:00:00]} 62. Nb8 {[%emt 0:00:30]} Kc5 {[%emt 0:00:00]} 63. Bf3 {[%emt 0:00:30]} Kd6 {[%emt 0:00:07]} 64. Kb4 {[%emt 0:00:00]} Nd5+ {[%emt 0:00:30]} 65. Kc4 {[%emt 0:00:00]} Nb6+ {[%emt 0:00:30]} 66. Kd4 {[%emt 0:00:30]} Nd7 {[%emt 0:00:00]} 67. Nc6 {[%emt 0:00:00]} Nf6 {[%emt 0:00:00]} 68. Ne5 {[%emt 0:00:00]} Ke6 {[%emt 0:00:00]} 69. Nc4 {[%emt 0:00:30]} Kf5 {[%emt 0:00:00]} 70. Ne3+ {[%emt 0:00:30]} Ke6 {[%emt 0:00:00]} 71. Bg2 {[%emt 0:00:00]} Kd6 {[%emt 0:00:01]} 72. Nc4+ {[%emt 0:00:00]} Ke6 {[%emt 0:00:23]} 73. Bh3+ {[%emt 0:00:00]} Ke7 {[%emt 0:00:00]} 74. Ne3 {[%emt 0:00:00]} Kd6 {[%emt 0:00:00]} 75. Bc8 {[%emt 0:00:30]} Kc7 {[%emt 0:00:00]} 76. Be6 {[%emt 0:00:30]} Kd6 {[%emt 0:00:30]} 77. Bc4 {[%emt 0:00:30]} Kc6 {[%emt 0:00:30]} 78. Nf5 {[%emt 0:00:00]} Kd7 {[%emt 0:00:14]} 79. Bf7 {[%emt 0:00:00]} Kc6 {[%emt 0:00:06]} 80. Be6 {[%emt 0:00:00]} Kc7 {[%emt 0:00:00]} 81. Bb3 {[%emt 0:01:00]} Kd7 {[%emt 0:00:00]} 82. Ke5 {[%emt 0:00:30]} Ng4+ {[%emt 0:00:29]} 83. Ke4 {[%emt 0:00:30]} Nf6+ {[%emt 0:00:00]} 84. Kd4 {[%emt 0:00:00]} Kc7 {[%emt 0:00:46]} 85. Ba4 {[%emt 0:00:00]} Nd7 {[%emt 0:00:30]} 86. Bb5 {[%emt 0:00:30]} Nf6 {[%emt 0:00:15]} 87. Ke5 {[%emt 0:00:00]} Nd7+ {[%emt 0:00:24]} 88. Ke6 {[%emt 0:00:00]} Nc5+ {[%emt 0:00:00]} 89. Kd5 {[%emt 0:00:00]} Nd7 {[%emt 0:00:17]} 90. Nd6 {[%emt 0:01:00]} Nb6+ {[%emt 0:01:05]} 91. Ke6 {[%emt 0:00:30]} Nc8 {[%emt 0:00:00]} 92. Nc4 {[%emt 0:00:00]} Na7 {[%emt 0:00:36]} 93. Ba4 {[%emt 0:01:00]} Nc6 {[%emt 0:00:30]} 94. Kd5 {[%emt 0:00:00]} Nb4+ {[%emt 0:00:16]} 95. Kd4 {[%emt 0:00:00]} Nc6+ {[%emt 0:00:52]} 96. Kc5 {[%emt 0:00:00]} Nd8 {[%emt 0:00:00]} 97. Kd5 {[%emt 0:00:00]} Nb7 {[%emt 0:00:26]} 98. Be8 {[%emt 0:06:30]} Kd8 {[%emt 0:00:52]} 99. Bh5 {[%emt 0:00:30]} Kc7 {[%emt 0:00:00]} 100. Bg4 {[%emt 0:00:30]} Nd8 {[%emt 0:00:13]} 101. Ne5 {[%emt 0:00:30]} Nb7 {[%emt 0:00:14]} 102. Nc6 {[%emt 0:00:30]} Kb6 {[%emt 0:00:21]} 103. Ne7 {[%emt 0:01:30]} Na5 {[%emt 0:01:34]} 104. Be2 {[%emt 0:01:30]} Kc7 {[%emt 0:01:26]} 105. Bb5 {[%emt 0:00:30]} Nb7 {[%emt 0:00:30]} 106. Nf5 {[%emt 0:00:30]} Kb6 {[%emt 0:00:30]} 107. Be8 {[%emt 0:00:00]} Nd8 {[%emt 0:00:00]} 108. Nd6 {[%emt 0:01:00]} Nb7 {[%emt 0:00:00]} 109. Nb5 {[%emt 0:00:30]} Nd8 {[%emt 0:00:00]} 110. Nc3 {[%emt 0:00:30]} Nb7 {[%emt 0:00:00]} 111. Kd4 {[%emt 0:00:30]} Kc7 {[%emt 0:00:17]} 112. Nd5+ {[%emt 0:00:00]} 1/2-1/2

[Event "TUR-chT Superleague 2018"]
[Site "Ankara"]
[Date "2018.07.27"]
[Round "3"]
[White "Nihal Sarin"]
[Black "Zubov, Alexander"]
[Result "1/2-1/2"]
[WhiteElo "2551"]
[BlackElo "2611"]
[Annotator "ChessBase"]
[PlyCount "64"]
[EventDate "2018.07.25"]
[EventType "team-tourn"]
[EventCountry "TUR"]
[SourceTitle "playchess.com"]
[Source "ChessBase"]
[SourceQuality "1"]
[TimeControl "40/5400+30:1800+30"]

1. Nf3 {[%emt 0:00:30]} c5 {[%emt 0:02:00]} 2. c4 {[%emt 0:00:00]} Nc6 {[%emt 0:00:30]} 3. Nc3 {[%emt 0:02:00]} Nd4 {[%emt 0:07:30]} 4. e3 {[%emt 0:00:30]} Nxf3+ {[%emt 0:00:30]} 5. Qxf3 {[%emt 0:00:00]} g6 {[%emt 0:00:00]} 6. d4 {[%emt 0:02:00]} Bg7 {[%emt 0:00:00]} 7. dxc5 {[%emt 0:19:30]} Qa5 {[%emt 0:06:30]} 8. Bd2 {[%emt 0:00:30]} Qxc5 {[%emt 0:00:00]} 9. Bd3 {[%emt 0:09:30]} Nf6 {[%emt 0:03:00]} 10. O-O {[%emt 0:01:30]} O-O {[%emt 0:01:30]} 11. Rac1 {[%emt 0:05:30]} d6 {[%emt 0:03:30]} 12. h3 {[%emt 0:00:30]} Be6 {[%emt 0:16:30]} 13. e4 {[%emt 0:17:30]} Nd7 {[%emt 0:02:30]} 14. Qe2 {[%emt 0:00:30]} Ne5 {[%emt 0:00:30]} 15. Be3 {[%emt 0:01:30]} Qb4 {[%emt 0:06:30]} 16. b3 {[%emt 0:00:30]} Nf3+ {[%emt 0:02:30]} 17. Qxf3 {[%emt 0:00:30]} Bxc3 {[%emt 0:00:00]} 18. Qg3 {[%emt 0:06:30]} Bg7 {[%emt 0:08:00]} 19. c5 {[%emt 0:09:30]} Rac8 {[%emt 0:07:30]} 20. Bc4 {[%emt 0:09:21]} dxc5 {[%emt 0:00:30]} 21. Bxe6 {[%emt 0:00:30]} fxe6 {[%emt 0:00:30]} 22. Qg4 {[%emt 0:00:00]} Qb6 {[%emt 0:04:30]} 23. b4 {[%emt 0:01:36]} Bd4 {[%emt 0:00:30]} 24. bxc5 {[%emt 0:00:43]} Bxc5 {[%emt 0:00:30]} 25. Rxc5 {[%emt 0:00:55]} Rxc5 {[%emt 0:00:00]} 26. Bxc5 {[%emt 0:01:20]} Qxc5 {[%emt 0:00:00]} 27. Qxe6+ {[%emt 0:00:00]} Kg7 {[%emt 0:01:30]} 28. Qd7 {[%emt 0:01:05]} b5 {[%emt 0:00:30]} 29. Kh1 {[%emt 0:00:00]} Rxf2 {[%emt 0:03:30]} 30. Rxf2 {[%emt 0:00:37]} Qxf2 {[%emt 0:00:30]} 31. Qxe7+ {[%emt 0:00:30]} Kh6 {[%emt 0:00:00]} 32. e5 {[%emt 0:00:00]} Qf1+ {[%emt 0:00:00]} 1/2-1/2

[Event "TUR-chT Superleague 2018"]
[Site "Ankara"]
[Date "2018.07.27"]
[Round "3"]
[White "Tukhaev, Adam"]
[Black "Mchedlishvili, Mikheil"]
[Result "0-1"]
[WhiteElo "2542"]
[BlackElo "2608"]
[Annotator "ChessBase"]
[PlyCount "88"]
[EventDate "2018.07.25"]
[EventType "team-tourn"]
[EventCountry "TUR"]
[SourceTitle "playchess.com"]
[Source "ChessBase"]
[SourceQuality "1"]
[TimeControl "40/5400+30:1800+30"]

1. e4 c6 2. d4 d5 3. exd5 cxd5 4. Bd3 Nf6 5. c3 Bg4 6. Qb3 Qc7 7. h3 Bh5 8. g4 Bg6 9. Bxg6 hxg6 10. g5 Nfd7 11. Qxd5 e5 12. Ne2 Nc6 13. Be3 Nb6 14. Qe4 O-O-O 15. Nd2 f5 16. gxf6 gxf6 17. Qxg6 exd4 18. cxd4 Nd5 19. Rc1 Kb8 20. Qg3 Bd6 21. Qf3 Qf7 22. Ne4 Bc7 23. a3 Rhe8 24. N4c3 Nxe3 25. fxe3 Qb3 26. Kf2 f5 27. Rhd1 Rd7 28. Rd2 Ne5 29. Qh5 Red8 30. Nf4 Nc4 31. Re2 Nxe3 32. Ng2 Nc4 33. Qf3 Rxd4 34. Kg1 Qb6 35. Qf2 Qd6 36. Ne1 Rg8+ 37. Kh1 Rf4 {[%emt 1:22:00]} 38. Nf3 {[%emt 1:18:00]} Qh6 {[%emt 0:00:30]} 39. Rg1 {[%emt 0:00:30]} Qxh3+ {[%emt 0:00:30]} 40. Nh2 {[%emt 0:00:30]} Rh8 {[%emt 0:30:30]} 41. Qe1 {[%emt 0:30:30]} Qxh2+ {[%emt 0:00:30]} 42. Rxh2 {[%emt 0:00:30]} Rxh2+ {[%emt 0:00:30]} 43. Kxh2 {[%emt 0:00:30]} Rf2+ {[%emt 0:00:30]} 44. Kh3 {[%emt 0:00:30]} Rh2# {[%emt 0:00:30]} 0-1

[Event "TUR-chT Superleague 2018"]
[Site "Ankara"]
[Date "2018.07.27"]
[Round "3"]
[White "Muzychuk, Mariya"]
[Black "Savina, Anastasia"]
[Result "1-0"]
[WhiteElo "2521"]
[BlackElo "2342"]
[Annotator "ChessBase"]
[PlyCount "65"]
[EventDate "2018.07.25"]
[EventType "team-tourn"]
[EventCountry "TUR"]
[SourceTitle "playchess.com"]
[Source "ChessBase"]
[SourceQuality "1"]
[TimeControl "40/5400+30:1800+30"]

1. e4 {[%emt 0:00:30]} e5 {[%emt 0:01:00]} 2. Nf3 {[%emt 0:00:30]} Nc6 {[%emt 0:00:00]} 3. Bc4 {[%emt 0:00:30]} Bc5 {[%emt 0:00:00]} 4. O-O {[%emt 0:01:30]} Nf6 {[%emt 0:01:30]} 5. d3 {[%emt 0:00:30]} O-O {[%emt 0:01:30]} 6. a4 {[%emt 0:01:30]} a6 {[%emt 0:02:30]} 7. c3 {[%emt 0:01:30]} Ba7 {[%emt 0:07:30]} 8. Nbd2 {[%emt 0:01:30]} d6 {[%emt 0:02:30]} 9. Bb3 {[%emt 0:00:30]} h6 {[%emt 0:06:30]} 10. Nc4 {[%emt 0:05:30]} Bg4 {[%emt 0:05:30]} 11. Ne3 {[%emt 0:02:30]} Bh5 {[%emt 0:02:30]} 12. h3 {[%emt 0:07:30]} Kh8 {[%emt 0:08:30]} 13. g4 {[%emt 0:03:30]} Bg6 {[%emt 0:01:30]} 14. Nh4 {[%emt 0:00:30]} Bh7 {[%emt 0:11:30]} 15. Nhf5 {[%emt 0:05:30]} Ne7 {[%emt 0:05:30]} 16. Qf3 {[%emt 0:00:30]} Nfg8 {[%emt 0:02:30]} 17. Kh2 {[%emt 0:07:30]} c6 {[%emt 0:03:30]} 18. Rg1 {[%emt 0:02:30]} f6 {[%emt 0:02:30]} 19. Be6 {[%emt 0:03:30]} g6 {[%emt 0:05:30]} 20. Nf1 {[%emt 0:31:30]} d5 {[%emt 0:11:25]} 21. Nxh6 {[%emt 0:01:32]} Nxh6 {[%emt 0:01:19]} 22. Bxh6 {[%emt 0:00:30]} Qd6 {[%emt 0:00:21]} 23. Bxf8 {[%emt 0:02:26]} Rxf8 {[%emt 0:00:02]} 24. Bf5 {[%emt 0:00:36]} c5 {[%emt 0:07:04]} 25. Ne3 {[%emt 0:03:51]} c4 {[%emt 0:01:48]} 26. Rad1 {[%emt 0:00:22]} gxf5 {[%emt 0:04:19]} 27. gxf5 {[%emt 0:00:41]} cxd3 {[%emt 0:00:39]} 28. Rxd3 {[%emt 0:00:27]} d4 {[%emt 0:02:04]} 29. Qh5 {[%emt 0:02:32]} Qc7 {[%emt 0:03:02]} 30. Qh6 {[%emt 0:02:47]} Rf7 {[%emt 0:00:05]} 31. Nd5 {[%emt 0:00:46]} Nxd5 {[%emt 0:01:18]} 32. Rdg3 {[%emt 0:00:22]} Ne7 {[%emt 0:00:56]} 33. Rg7 {[%emt 0:00:30]} 1-0

[Event "TUR-chT Superleague 2018"]
[Site "Ankara"]
[Date "2018.07.27"]
[Round "3"]
[White "Benidze, Davit"]
[Black "Can, Emre"]
[Result "1/2-1/2"]
[WhiteElo "2487"]
[BlackElo "2605"]
[Annotator "ChessBase"]
[PlyCount "31"]
[EventDate "2018.07.25"]
[EventType "team-tourn"]
[EventCountry "TUR"]
[SourceTitle "playchess.com"]
[Source "ChessBase"]
[SourceQuality "1"]
[TimeControl "40/5400+30:1800+30"]

1. Nf3 {[%emt 0:00:30]} d5 {[%emt 0:02:00]} 2. g3 {[%emt 0:00:00]} g6 {[%emt 0:00:00]} 3. Bg2 {[%emt 0:00:00]} Bg7 {[%emt 0:00:00]} 4. d4 {[%emt 0:01:30]} Nf6 {[%emt 0:00:30]} 5. O-O {[%emt 0:00:30]} c6 {[%emt 0:00:30]} 6. b3 {[%emt 0:00:30]} O-O {[%emt 0:01:30]} 7. Bb2 {[%emt 0:00:30]} Bf5 {[%emt 0:01:30]} 8. Nh4 {[%emt 0:03:30]} Be6 {[%emt 0:02:30]} 9. Nd2 {[%emt 0:00:30]} a5 {[%emt 0:00:30]} 10. a4 {[%emt 0:00:30]} Na6 {[%emt 0:01:30]} 11. Re1 {[%emt 0:04:30]} Re8 {[%emt 0:00:30]} 12. Nhf3 {[%emt 0:08:30]} Bf5 {[%emt 0:03:30]} 13. Nh4 {[%emt 0:03:30]} Be6 {[%emt 0:00:30]} 14. Nhf3 {[%emt 0:00:30]} Bf5 {[%emt 0:07:30]} 15. Nh4 {[%emt 0:00:30]} Be6 {[%emt 0:00:00]} 16. Nhf3 {[%emt 0:04:30]} 1/2-1/2

[Event "TUR-chT Superleague 2018"]
[Site "Ankara"]
[Date "2018.07.27"]
[Round "3"]
[White "Haznedaroglu, Kivanc"]
[Black "Yilmaz, Mustafa"]
[Result "1/2-1/2"]
[WhiteElo "2472"]
[BlackElo "2624"]
[Annotator "TA"]
[PlyCount "97"]
[EventDate "2018.07.25"]
[EventType "team-tourn"]
[EventCountry "TUR"]
[SourceTitle "playchess.com"]
[Source "ChessBase"]
[SourceQuality "1"]

{[%evp 18,96,0,4,13,0,0,0,0,0,0,-43,-39,-35,-35,-39,-37,-35,-36,-41,-34,-37,-37,-45,-47,-36,-31,-126,-127,-154,-154,-180,-164,-142,-92,-445,-355,-411,-408,-433,-438,-422,-415,-340,34,51,40,-112,-113,-100,-14,-90,-89,-212,-180,-168,-157,-149,-26,-77,-26,-26,-35,-34,-14,-26,0,0,0,0,0,0,0,0,0,0,0,0,0,0,0]} 1. e4 c5 2. Nf3 d6 3. d4 cxd4 4. Nxd4 Nf6 5. Nc3 a6 6. h4 {B90: Sicilian Najdorf: Unusual White 6th moves, 6 Be3 Ng4 and 6 Be3 e5} (6. g3 e5 7. Nde2 Be7 8. Bg2 b5 9. Nd5 Nbd7 10. Nec3 Nb6 11. Nxf6+ Bxf6 12. O-O O-O 13. b3 b4 14. Nd5 Nxd5 15. Qxd5 Be6 16. Qd3 Qc7 {0-1 (57) Giri,A (2782)-Vachier Lagrave,M (2789) Leuven 2018}) 6... e5 7. Nb3 Be7 8. Bg5 Be6 9. Bxf6 Bxf6 10. g3 {LiveBook: 4 Games} Be7 11. Bh3 $146 ({Predecessor:} 11. Qd2 Nd7 12. O-O-O Nb6 13. f4 Qc7 {½-½ (63) Mazur,S (2434)-Karavade,E (2384) Zadar 2017}) 11... O-O 12. Nd5 Nd7 13. Qd3 Nb6 14. O-O-O Nxd5 15. exd5 Bxh3 16. Rxh3 Qd7 17. Rh2 a5 {[%cal Ba6a5,Ba5a4,Ba4a3][%mdl 32]} 18. Nd2 b5 19. Kb1 f5 20. f3 Bf6 21. Rg2 a4 22. g4 ({White should try} 22. a3 $15) 22... e4 $1 $17 {[%cal Re4d3]} (22... Bxh4 $6 23. Rh1 $11) 23. fxe4 fxg4 24. h5 {[#]} a3 $1 {[%cal Ra3b2][%mdl 512]} 25. b3 (25. bxa3 b4) 25... Rac8 26. Qg3 $2 {[%mdl 8192]} (26. Qe2 $17) 26... Qc7 {[%csl Gc8][%cal Rc7c2]} 27. c4 Qa7 28. Qd3 Qe7 29. Qg3 bxc4 30. Qxg4 Qa7 $2 ({Better is} 30... Kh8 $19 {( -> ...Qe5)} 31. h6 (31. Nxc4 $2 Rxc4 32. bxc4 Qe5 $19) 31... gxh6) 31. e5 $1 $14 {[%cal Re5f6]} ({But not} 31. Nxc4 $2 Rxc4 $1 {[%mdl 512]} 32. bxc4 Rb8+ 33. Kc2 Qe3 $19) 31... c3 32. exf6 $2 ({Much worse is} 32. Qe6+ Kh8 $15) (32. Nc4 $14 {keeps the upper hand.} Rxc4 33. Qxc4 Bxe5 34. Rc2) 32... c2+ $17 33. Kc1 cxd1=Q+ 34. Kxd1 {Threatens to win with Qe6+.} Rce8 $1 35. fxg7 (35. Qxg7+ $17 Qxg7 36. Rxg7+ Kh8 37. Re7) 35... Rf2 36. Rxf2 Qxf2 $19 {[%mdl 4096] Endgame KQR-KQN} 37. h6 {[#]} Qf7 (37... Qf6 $1 $17 {[%cal Rf6a1] Strongly threatening ...Qa1+.} 38. Qd7 Rb8) 38. Qg5 $1 $11 {[#]} Qg6 ({Black should play} 38... Qd7 $1 $17) 39. Qxg6 hxg6 {KR-KN} 40. Nc4 Kh7 41. Nxd6 Re5 (41... Rd8 $5 {[%cal Rd8d6]} 42. Nc4 Kxh6 $17) 42. Kc2 {The position is equal.} g5 $1 {[%cal Rg5g4]} 43. Kc3 {aiming for Kd4.} g4 (43... Rxd5 $5 44. Ne4 $8 Rf5 $11) 44. Kd4 g3 {Hoping for ...Rg5.} 45. Kxe5 g2 46. Ne4 {White threatens Nf6+ and mate.} g1=Q 47. Nf6+ Kxh6 48. g8=Q {Threatening mate with Qh7+.} Qd4+ 49. Kxd4 $4 {[%mdl 8192] Precision: White = 52%, Black = 63%.} (49. Ke6 Qe5+ 50. Kd7 (50. Kf7 Qe7+ 51. Kxe7 $11) 50... Qd6+ 51. Ke8 Qe7+ 52. Kxe7) 1/2-1/2

[Event "TUR-chT Superleague 2018"]
[Site "Ankara"]
[Date "2018.07.27"]
[Round "3"]
[White "Atalik, Ekaterina"]
[Black "Injac, Teodora"]
[Result "1/2-1/2"]
[WhiteElo "2461"]
[BlackElo "2302"]
[Annotator "ChessBase"]
[PlyCount "62"]
[EventDate "2018.07.25"]
[EventType "team-tourn"]
[EventCountry "TUR"]
[SourceTitle "playchess.com"]
[Source "ChessBase"]
[SourceQuality "1"]
[TimeControl "40/5400+30:1800+30"]

1. d4 {[%emt 0:00:30]} Nf6 {[%emt 0:01:00]} 2. Nf3 {[%emt 0:00:30]} g6 {[%emt 0:00:00]} 3. g3 {[%emt 0:00:00]} Bg7 {[%emt 0:00:00]} 4. Bg2 {[%emt 0:00:00]} O-O {[%emt 0:00:30]} 5. O-O {[%emt 0:00:30]} d6 {[%emt 0:00:00]} 6. Nbd2 {[%emt 0:00:00]} Nbd7 {[%emt 0:08:00]} 7. e4 {[%emt 0:00:00]} e5 {[%emt 0:00:30]} 8. dxe5 {[%emt 0:00:30]} dxe5 {[%emt 0:00:30]} 9. b3 {[%emt 0:00:30]} Qe7 {[%emt 0:04:30]} 10. Bb2 {[%emt 0:02:30]} b6 {[%emt 0:07:30]} 11. Re1 {[%emt 0:00:30]} Bb7 {[%emt 0:00:30]} 12. Qe2 {[%emt 0:00:30]} Rad8 {[%emt 0:14:30]} 13. Rad1 {[%emt 0:02:30]} Rfe8 {[%emt 0:04:30]} 14. Qc4 {[%emt 0:00:30]} c6 {[%emt 0:11:30]} 15. a4 {[%emt 0:07:30]} a6 {[%emt 0:05:30]} 16. Qe2 {[%emt 0:04:30]} b5 {[%emt 0:00:30]} 17. Ra1 {[%emt 0:10:30]} Qc5 {[%emt 0:04:30]} 18. Nf1 {[%emt 0:04:30]} Qb6 {[%emt 0:02:30]} 19. N3d2 {[%emt 0:11:30]} Bf8 {[%emt 0:08:30]} 20. Ne3 {[%emt 0:03:30]} Bc5 {[%emt 0:01:30]} 21. Ndf1 {[%emt 0:02:30]} Bd4 {[%emt 0:01:30]} 22. c3 {[%emt 0:12:30]} Bxe3 {[%emt 0:02:30]} 23. Nxe3 {[%emt 0:00:30]} Nc5 {[%emt 0:01:30]} 24. Qc2 {[%emt 0:03:30]} Nd3 {[%emt 0:00:30]} 25. Red1 {[%emt 0:01:30]} Nxb2 {[%emt 0:00:30]} 26. Rxd8 {[%emt 0:01:30]} Rxd8 {[%emt 0:00:30]} 27. Qxb2 {[%emt 0:00:00]} Rd3 {[%emt 0:12:12]} 28. Qc2 {[%emt 0:04:00]} Rd8 {[%emt 0:01:09]} 29. Qb2 {[%emt 0:04:30]} Rd3 {[%emt 0:00:05]} 30. Qc2 {[%emt 0:00:30]} Rd8 {[%emt 0:00:49]} 31. Qb2 {[%emt 0:05:16]} Rd3 {[%emt 0:02:31]} 1/2-1/2

[Event "TUR-chT Superleague 2018"]
[Site "Ankara"]
[Date "2018.07.27"]
[Round "3"]
[White "Ivic, Velimir"]
[Black "Kovalev, Vladislav"]
[Result "1/2-1/2"]
[WhiteElo "2432"]
[BlackElo "2655"]
[Annotator "TA"]
[PlyCount "62"]
[EventDate "2018.07.25"]
[EventType "team-tourn"]
[EventCountry "TUR"]
[SourceTitle "playchess.com"]
[Source "ChessBase"]
[SourceQuality "1"]

{[%evp 18,62,21,16,15,14,25,28,30,30,30,27,40,30,30,30,24,30,29,26,29,28,29,22,48,50,116,69,64,61,82,78,82,79,72,72,86,86,94,85,129,60,60,60,91,72,130]} 1. e4 e5 2. Nf3 Nc6 3. Bb5 a6 4. Ba4 Nf6 5. O-O Be7 6. d3 b5 7. Bb3 d6 8. a3 O-O 9. Nc3 Nb8 {C77: Ruy Lopez: 3...a6 4 Ba4 Nf6, unusual lines} (9... Na5 10. Ba2 Be6 11. b4 Bxa2 12. Rxa2 Nc6 13. Bg5 Ng4 14. Bd2 Nf6 15. Bg5 Ng4 16. Bd2 Nf6 17. Bg5 {½-½ (17) Vachier Lagrave,M (2789)-Carlsen,M (2843) Stavanger 2018}) 10. h3 {LiveBook: 6 Games} c5 11. Nd5 Be6 $146 {The position is equal.} (11... Bd7 {keeps more tension.} 12. a4 b4 13. Nd2 Nc6 14. f4 exf4 15. Nxf4 Na5) ({Predecessor:} 11... Nxd5 12. Bxd5 Ra7 13. c3 Bb7 14. Bxb7 Rxb7 15. d4 Qc7 16. Be3 Nd7 17. Re1 {1-0 (48) Berg,E (2579)-Sahlholm,S (1957) Vasteras 2016}) 12. Nxf6+ Bxf6 13. Bxe6 fxe6 14. Be3 Nd7 15. b4 d5 16. c4 d4 17. Bd2 bxc4 18. dxc4 Qc7 19. Qe2 Rfc8 20. Rfc1 Nb6 21. Ne1 a5 (21... Nd7 $14) 22. b5 a4 23. Nd3 g6 24. Rc2 Qe7 25. Qg4 Nd7 26. Rf1 Bg7 27. Bg5 Qd6 28. g3 Rf8 {[#]} 29. Kg2 (29. h4 $1 $16) 29... Rf7 30. h4 h6 31. Bc1 Kh7 {Precision: White = 79%, Black = 63%.} (31... Rf6 $142) 1/2-1/2

[Event "TUR-chT Superleague 2018"]
[Site "Ankara"]
[Date "2018.07.27"]
[Round "3"]
[White "Shuvalova, Polina"]
[Black "Ayan, Bengu Sena"]
[Result "1-0"]
[WhiteElo "2417"]
[BlackElo "1787"]
[Annotator "NA"]
[PlyCount "87"]
[EventDate "2018.07.25"]
[EventType "team-tourn"]
[EventCountry "TUR"]
[SourceTitle "playchess.com"]
[Source "ChessBase"]
[SourceQuality "1"]
[TimeControl "40/5400+30:1800+30"]

1. e4 e6 2. d4 d5 3. Nd2 Nc6 4. Ngf3 Nf6 5. e5 Nd7 6. Bd3 f6 7. exf6 Qxf6 8. O-O Bd6 9. Nb3 O-O 10. Bg5 Qf7 11. Bh4 Qh5 12. Bg3 e5 13. Be2 e4 14. Ne5 Qe8 15. c4 Ncxe5 16. dxe5 Bxe5 17. Qxd5+ Kh8 18. Rad1 c6 19. Qd2 Nf6 20. Bxe5 Qxe5 21. Qd4 Qc7 22. h3 Bf5 23. Qd6 Qf7 24. Nd4 Rad8 25. Qa3 Bg6 26. Qc5 Rc8 27. b3 b6 28. Qe5 Rfe8 29. Qf4 Qc7 30. Qg5 Re5 31. Qe3 a6 32. Rd2 c5 33. Nc2 Re7 34. Rfd1 Rd7 35. Rxd7 Nxd7 36. Bg4 Rd8 37. Qd2 Be8 38. Qd5 Rb8 39. Bxd7 Rd8 40. Qe6 Bxd7 41. Qe7 {[%emt 1:42:30]} Qc8 {[%emt 2:00:00]} 42. Ne3 {[%emt 0:00:30]} g6 {[%emt 0:00:30]} 43. Rd5 {[%emt 0:00:30]} b5 {[%emt 0:00:30]} 44. Ng4 {[%emt 0:00:30]} 1-0

[Event "TUR-chT Superleague 2018"]
[Site "Ankara"]
[Date "2018.07.27"]
[Round "3"]
[White "Erdogdu, Aziz Mert"]
[Black "Soylu, Suat"]
[Result "1-0"]
[WhiteElo "2411"]
[BlackElo "2339"]
[Annotator "NA RC"]
[PlyCount "57"]
[EventDate "2018.07.25"]
[EventType "team-tourn"]
[EventCountry "TUR"]
[SourceTitle "playchess.com"]
[Source "ChessBase"]
[SourceQuality "1"]
[TimeControl "40/5400+30:1800+30"]

1. c4 {[%emt 0:00:30]} c5 {[%emt 0:01:00]} 2. Nc3 {[%emt 0:00:30]} Nc6 {[%emt 0:00:30]} 3. Nf3 {[%emt 0:00:00]} e5 {[%emt 0:00:30]} 4. e3 {[%emt 0:00:00]} Nf6 {[%emt 0:00:30]} 5. d4 {[%emt 0:00:30]} exd4 {[%emt 0:00:30]} 6. exd4 {[%emt 0:00:30]} d5 {[%emt 0:00:00]} 7. Be3 {[%emt 0:01:30]} Be6 {[%emt 0:00:00]} 8. dxc5 {[%emt 0:28:30]} Qa5 {[%emt 0:01:30]} 9. Nd2 {[%emt 0:11:30]} Rd8 {[%emt 0:33:30]} 10. cxd5 {[%emt 0:16:30]} Nxd5 {[%emt 0:00:30]} 11. Nxd5 {[%emt 0:00:00]} Bxd5 {[%emt 0:00:30]} 12. Qc2 {[%emt 0:09:00]} Be7 {[%emt 0:05:30]} 13. a3 {[%emt 0:05:30]} O-O {[%emt 0:07:30]} 14. O-O-O {[%emt 0:01:30]} Ne5 {[%emt 0:12:30]} 15. Nc4 {[%emt 0:06:07]} Nxc4 {[%emt 0:15:10]} 16. Bxc4 {[%emt 0:00:05]} Bxg2 {[%emt 0:01:21]} 17. Rhg1 {[%emt 0:03:39]} Rxd1+ {[%emt 0:01:43]} 18. Qxd1 {[%emt 0:00:37]} Be4 {[%emt 0:01:20]} 19. Rxg7+ {[%emt 0:06:05]} Kxg7 {[%emt 0:00:15]} 20. Qd4+ {[%emt 0:00:02]} Bf6 {[%emt 0:02:27]} 21. Qxe4 {[%emt 0:00:03]} Qc7 {[%emt 0:00:43]} 22. h4 {[%emt 0:02:23]} Qe5 {[%emt 0:01:13]} 23. Qxb7 {[%emt 0:01:44]} Rb8 {[%emt 0:01:50]} 24. Qxf7+ {[%emt 0:00:30]} Kh8 {[%emt 0:00:00]} 25. Kd1 {[%emt 0:03:51]} Qxb2 {[%emt 0:01:49]} 26. c6 {[%emt 0:00:56]} Rd8+ {[%emt 0:04:01]} 27. Bd5 {[%emt 0:00:05]} Qe5 {[%emt 0:04:48]} 28. c7 {[%emt 0:00:43]} Rc8 {[%emt 0:02:18]} 29. Be6 {[%emt 0:00:22]} 1-0